Formula one drivers line-up 1992 - Statistics

General Stats
  • This quiz has been taken 136 times
  • The average score is 26 of 40
Answer Stats
Constructor Rounds Driver Nationality % Correct
McLaren All Ayrton Senna Brazil
92%
Williams All Nigel Mansell UK
90%
McLaren All Gerhard Berger Austria
87%
Williams All Riccardo Patrese Italy
84%
Benetton All Michael Schumacher Germany
82%
Lotus All Mika Häkkinen Finland
75%
Ferrari All Jean Alesi France
74%
Footwork All Michele Alboreto Italy
74%
Ligier All Thierry Boutsen Belgium
72%
Footwork All Aguri Suzuki Japan
69%
Tyrrell All Andrea de Cesaris Italy
69%
Brabham 4-11 Damon Hill UK
69%
Benetton All Martin Brundle UK
69%
Dallara All JJ Lehto Finland
67%
Lotus All Johnny Herbert UK
66%
Ferrari 15-16 Nicola Larini Italy
64%
Brabham 1-3 Giovanna Amati Italy
62%
Ferrari 1-14 Ivan Capelli Italy
62%
Tyrrell All Olivier Grouillard France
62%
Dallara All Pierluigi Martini Italy
62%
Andrea Moda 3-7, 9-12 Roberto Moreno Brazil
62%
March 1-14 Karl Wendlinger Austria
61%
Venturi All Ukyo Katayama Japan
61%
Venturi All Bertrand Gachot France
59%
Brabham 1-10 Eric van de Poele Belgium
59%
Fondmetal 11-13 Eric van de Poele Belgium
59%
Fondmetal 1-13 Gabriele Tarquini Italy
59%
Minardi All Gianni Morbidelli Italy
59%
March 15-16 Jan Lammers Netherlands
59%
Jordan All Maurício Gugelmin Brazil
59%
Jordan All Stefano Modena Italy
59%
Ligier All Érik Comas France
57%
Minardi 1-8, 12-16 Christian Fittipaldi Brazil
56%
Minardi 9-11 Alessandro Zanardi Italy
54%
Andrea Moda 1-2 Alex Caffi Italy
54%
March 12-16 Emanuele Naspetti Italy
52%
Andrea Moda 3-7, 9-12 Perry McCarthy UK
52%
Fondmetal 1-10 Andrea Chiesa Switzerland
49%
March 1-11 Paul Belmondo France
49%
Andrea Moda 1-2 Enrico Bertaggia Italy
46%
No matching quizzes found
Score Distribution
Percent of People with Each Score
Percentile by Number Answered
Your Score History
You have not taken this quiz